Missing Word: Movie Title Characters Quiz Stats

 Plays Quiz Updated Oct 24, 2015

Challenge
Share
Tweet
Embed
Score 0/24 Timer 04:00
1 Play Today
Title of Movie Missing Character % Correct
____ in WonderlandAlice
99.9%
____ Wonka & The Chocolate FactoryWilly
96.7%
____ PanPeter
96.5%
____ Jones and the Temple of DoomIndiana
96.3%
King ____ vs. GodzillaKong
95.9%
Who Framed ____ Rabbit?Roger
95.2%
____'s ElevenOcean
93.5%
____ of the JungleGeorge
93.1%
____ Bueller's Day OffFerris
91.8%
____ and the Giant PeachJames
91.5%
____ Cassidy and the Sundance KidButch
90.5%
The Mask of ____Zorro
89.9%
Title of Movie Missing Character % Correct
Mad ____ Beyond ThunderdomeMax
88.1%
____ of ArabiaLawrence
87.4%
____ and HoochTurner
78.8%
____ and Her SistersHannah
66.2%
____ in LoveShakespeare
57.9%
Victor ____Victoria
57.6%
____ and BathshebaDavid
45.4%
Captain ____'s MandolinCorelli
44.7%
____'s IslandNim
38.1%
____ : The Golden AgeElizabeth
37.9%
____'s GoldUlee
32.1%
The ____ XperimentQuatermass
8.3%

Today's Daily Dose

Word Ladder
Faux Pas

Quick Pick
Pacific Islands

On This Day
November 20th II

You're not logged in!

Compare scores with friends on all Sporcle quizzes.
Join for Free
OR
Log In

You Might Also Like...

Show Comments

Extras

Top Quizzes Today


Score Distribution

Your Account Isn't Verified!

In order to create a playlist on Sporcle, you need to verify the email address you used during registration. Go to your Sporcle Settings to finish the process.

Report this User

Report this user for behavior that violates our Community Guidelines.

Details: